ANNUAL REVIEW OF PLANT PHYSIOLOGY (Record no. 6461)

MARC details
000 -LEADER
fixed length control field 00500nam a2200157Ia 4500
022 ## - INTERNATIONAL STANDARD SERIAL NUMBER
ISSN 0066-4294
245 #0 - TITLE STATEMENT
Title ANNUAL REVIEW OF PLANT PHYSIOLOGY
246 ## - VARYING FORM OF TITLE
Title proper/short title Annual Review of Plant Physiology and Plant Molecular Biology
260 ## - PUBLICATION, DISTRIBUTION, ETC. (IMPRINT)
Name of publisher Annual Reviews Inc., Palo Alto, California
Place of publication USA
310 ## - CURRENT PUBLICATION FREQUENCY
Current publication frequency A
500 ## - GENERAL NOTE
General note Ending Volume & Year: 38, 1987
500 ## - GENERAL NOTE
General note Missing Volume: 16;23;33;37
500 ## - GENERAL NOTE
General note Starting Volume & Year: 7, 1956
942 ## - ADDED ENTRY ELEMENTS (KOHA)
Koha item type Bound Journal
Holdings
Withdrawn status Lost status Damaged status Not for loan Home library Current library Date acquired Accession Number Koha item type
      Bound journals RRII Library RRII Library 31/12/2021 06439J Bound Journal